000 00561nam a2200181 i 4500
001 25176
003 ES-MaACL
007 t|
008 021220s1982 sp ||||1| spa d
100 1 _aArce, Joaquín.
_9180960
245 1 0 _aLiteraturas italianas y española frente a frente /
_cJoaquín Arce.
260 _aMadrid :
_bEspasa-Calpe,
_c1982.
300 _a357 p. ;
_c21 cm.
490 1 _aEspasa universitaria. Literatura ;
_v5
830 0 _aEspasa universitaria. Literatura ;
_v5
_9187050
852 _aES-MaACL
_jL-4150
_bR.104470
999 _c25176
_d25176